| Record ID | marc_loc_2016/BooksAll.2016.part01.utf8:5342909:1020 |
| Source | Library of Congress |
| Download Link | /show-records/marc_loc_2016/BooksAll.2016.part01.utf8:5342909:1020?format=raw |
LEADER: 01020cam a22002894a 4500
001 00012119
003 DLC
005 20110218080205.0
008 001024s2002 mnua c 001 0 eng
010 $a 00012119
020 $a0822522179 (lib. bdg. : alk. paper)
040 $aDLC$cDLC$dDLC
042 $apcc$alcac
050 00 $aQC73.8.W65$bW35 2002
082 00 $a531/.6$221
100 1 $aWalker, Sally M.
245 10 $aWork /$cby Sally M. Walker and Roseann Feldmann ; photographs by Andy King.
260 $aMinneapolis, MN :$bLerner Publications,$cc2002.
300 $a47 p. :$bcol. ill. ;$c23 cm.
490 1 $aEarly bird physics books
500 $aIncludes index.
505 0 $aBe a word detective -- Work -- Simple machines -- In the park -- Safari -- Snack time -- Making work easier -- On sharing a book.
650 0 $aWork (Mechanics)$vJuvenile literature.
650 1 $aSimple machines.
700 1 $aFeldmann, Roseann.
700 1 $aKing, Andy,$eill.
800 1 $aWalker, Sally M.$tEarly bird physics books.